Las historias de vida del profesorado : voces y contexto.

Gespeichert in:
Bibliographische Detailangaben
1. Verfasser: Bolívar, Antonio (autor)
Format: Unbekannt
Sprache:Spanisch
Schlagworte:
Online-Zugang:Ver documento en línea
Tags: Tag hinzufügen
Keine Tags, Fügen Sie das erste Tag hinzu!

MARC

LEADER 00000c**#a2200000ua#4500
001 000532758
003 DLC
005 20260413000000.0
008 070912c^^^^9999^^^^r1^^^^^^^^0^^^^0spa^d
009 20260413155036.588
022 |a 14056666 
035 |a FCE 000077006 
037 |a Acervo ITESO - Biblioteca 
041 |a spa 
095 |a REVISTA MEXICANA DE INVESTIGACION EDUCATIVA(PDF)  |b 62/2014 
100 |a Bolívar, Antonio  |e (autor) 
245 1 4 |a Las historias de vida del profesorado :  |b voces y contexto. 
264 |a México :  |b Consejo Mexicano de Investigación Educativa,  |c 2014. 
336 |a texto  |b txt  |2 rdacontenido 
337 |a sin mediación  |b n  |2 rdamedio 
338 |a volumen  |b nc  |2 rdasoporte 
649 |a XX 
650 |a Docentes 
650 |a Metodología 
650 |a Narrativa 
650 |a Historias de vida 
650 |a Relatos de vida 
650 |a Aprendizaje 
740 |g vol. 19, no. 62, jul.-sept. 2014, pp. 711-734  |t Revista Mexicana de Investigación Educativa, 
856 4 0 |u https://www.comie.org.mx/v1/revista/visualizador.php?articulo=ART62003&criterio=https://www.comie.org.mx/documentos/rmie/v19/n062/pdf/62003.pdf  |y Ver documento en línea 
910 |a Fondo Centro de Estudios Educativos 
920 |a Impresos - Libros 
930 |a Fondos Especiales 
905 |a 133 
902 |a https://opac.biblio.iteso.mx/vufind/Record/000532758